000 03343nam a22007457a 4500
003 AR-RoUNA
005 20251013085831.0
008 251008b |||||||| |||| 00| 0 spa d
020 _a9783897736610
040 _aAR-RoUNA
_bspa
_dAR-RoUNA
041 _aspa
044 _aag
100 1 _aBeeck, Clemens
_927499
245 1 0 _aDaniel Libeskind y El Museo Judío /
_cClemens Beeck; fotografía de Gunter Schneider
250 _a1a. ed.
260 _aBerlín (Alemania) :
_bJaron Verlag GmbH,
_c2011.
300 _a96 p.:
_bfot. col.
_c22x13 cm
505 0 _tCONTENIDO
505 0 _tLa arquitectura con la cuarta dimensión. p. 14
505 0 _tEl Arquitecto. p. 18
505 0 _aLos años berlineses de Daniel Libeskind. p.18
505 0 _aLos proyectos de Libeskind. p. 20
505 0 _aEl estilo de Libeskind. p. 24
505 0 _aLa tradicion berlinesa y sus arquetipo. p. 26
505 0 _tEl Museo Judío Berlín - La arquitectura. p. 30
505 0 _aLa historia del Museo Judío. p. 30
505 0 _aEl antiguo edificio. p. 31
505 0 _aDiálogo entre lo antiguo y lo nuevo. p. 33
505 0 _aEl jardín del Museo. p. 37
505 0 _aEl nuevo edificio del Museo Judío. p. 39
505 0 _aLos pasillos subterráneos. p. 46
505 0 _aLa instalación "Shalechel". p. 52
505 0 _aDistribución del espacio. p. 52
505 0 _aPatio con cubierta de vidrio - Enramada. p. 55
505 0 _aLa Academia del Museo Judío. p. 56
505 0 _tLa exposición permanente: dos milenios de historia judío-alemana. p. 62
505 0 _aEl mundo de Askenaz (950-1500). p. 63
505 0 _aLa ciudad, el campo, la corte (1500-1800). p. 66
505 0 _aMoses Mendelssohn y la ilustración (1750-1800). p. 68
505 0 _aTradicion y cambio /p.70
505 0 _aLa vida familiar /1850-1933). p. 72
505 0 _aAlemanes y judíos a la vez (1800-1914). p. 73
505 0 _aJudaísmo moderno (1800-1933). p. 75
505 0 _aBerlín, Berlín (1890-1933). p. 78
505 0 _aEste y Oeste (1900-1933). p. 79
505 0 _aIgualdad en peligro (1914-1933). p. 82
505 0 _aNacionalsocialismo (1933-1945). p. 82
505 0 _aEl presente (1945 hasta hoy). p. 86
505 0 _aRafael Roth Learning Center & Gallery of the Missing. p. 88
505 0 _tApéndice. p. 92
505 0 _aDaniel Libeskind: vida y obra. p. 92
505 0 _aEl Museo Judío de Berlín. p.94
505 0 _aLiteratura complementaria. p.94
520 3 _aEl libro describe, El Museo Judío de Berlín diseñado por el arquitecto polaco Daniel Libeskind. Libeskind, quien plasmo en el edificio tres ideas clave: reconocer la contribución de los judíos de Berlín, investigar el significado del Holocausto en la memoria de Berlín, y representar los vacíos dejados por las muertes de judíos. Libeskind uso varias alegorías arquitectónicas como lineas quebradas, vacíos y puentes para representar estos conceptos y honrar a judíos deportados
600 0 _95317
_aLibeskind, Daniel,
_d1946-.
650 4 _aArquitectura
650 4 _aMuseos
_xHistoria
653 _aPueblo Judio (Alemania)
700 1 _aSchneider, Gunter
_927501
908 _aImp
930 _e12260
942 _2udc
_cLIB
945 _d2025-10-08
_aMIA
980 _61
_aMaricel Allasia
_85
_gMaría Machado
999 _c12164
_d12164